000 00545nam a22001697a 4500
003 SGT
020 _a9788121940597
082 _a530,ARO
100 _aARORA,C.L
245 _aPHYSICS FOR DEGREE STUDENTS B.Sc. 2ND YEAR
_bAS PER UGC MODEL CURRICULUM (FOR ALL INDIAN UNIVERSITIES)
250 _a2ND
260 _aNEW DELHI
_bS.CHAND
_c2014
300 _a1022
650 _aPHYSICS
653 _aKINECTIC THEORY OF MATTER, THERMODYNAMICS, STATISTICAL PHYSICS, WAVES, ACOUSTICS, GEOMETRICAL OPTICS, PHYSICAL OPTICS, LASERS.
942 _2ddc
_cFPS
_011
999 _c9383
_d9383